Language Quiz

Random Language or Latin Quiz

Latin Verbs First and Second Conjugation Quiz Stats

 Plays Quiz not verified by Sporcle

Challenge
Share
Tweet
Embed
Score 0/18 Timer 10:00
0 Plays Today
Number, Person, and Tense Ending % Correct
singular first person presento
100%
singular second person presents
93.3%
singular third person presentt
93.1%
plural first person presentmus
92.1%
plural third person presentnt
91.1%
plural second person presenttis
90.7%
singular first person imperfectbam
79.2%
singular third person imperfectbat
78.5%
singular second person imperfectbas
78.2%
Number, Person, and Tense Ending % Correct
plural first person imperfectbamus
77.5%
plural second person imperfectbatis
76.8%
plural third person imperfectbant
76.8%
singular first person futurebo
73%
singular second person futurebis
72.7%
singular third person futurebit
72.2%
plural first person futurebimus
71.8%
plural second person futurebitis
71.5%
plural third person futurebunt
71.1%

You're not logged in!

Compare scores with friends on all Sporcle quizzes.
OR
Log In

You Might Also Like...

Show Comments

Extras

Top Quizzes Today


Score Distribution

Your Account Isn't Verified!

In order to create a playlist on Sporcle, you need to verify the email address you used during registration. Go to your Sporcle Settings to finish the process.

Report this User

Report this user for behavior that violates our Community Guidelines.

Details: